The UK low carbon transition plan (Record no. 112025)

MARC details
000 -LEADER
fixed length control field 00970cad a22001935a 4500
001 - CONTROL NUMBER
control field E152371
008 - FIXED-LENGTH DATA ELEMENTS--GENERAL INFORMATION
fixed length control field 110228s2009 xxk f 000 0 eng d
020 ## - INTERNATIONAL STANDARD BOOK NUMBER
International Standard Book Number 9780108508394
035 ## - SYSTEM CONTROL NUMBER
System control number (Sirsi) u152371
041 0# - LANGUAGE CODE
Language code of text/sound track or separate title eng
110 2# - MAIN ENTRY--CORPORATE NAME
Corporate name or jurisdiction name as entry element United Kingdom
Subordinate unit HM Government
9 (RLIN) 5056
245 04 - TITLE STATEMENT
Title The UK low carbon transition plan
Remainder of title national strategy for climate and energy
Medium [electronic resource]
260 ## - PUBLICATION, DISTRIBUTION, ETC.
Place of publication, distribution, etc. Norwich
Name of publisher, distributor, etc. TSO
Date of publication, distribution, etc. 2009
520 ## - SUMMARY, ETC.
Summary, etc. A White Paper which sets out the transitional plan for moving to a low carbon United Kingdom. Looks at policies for reducing emissions, securing energy supplies, and the economic opportunities which may result.
651 #4 - SUBJECT ADDED ENTRY--GEOGRAPHIC NAME
Geographic name United Kingdom
Chronological subdivision
690 ## - LOCAL SUBJECT ADDED ENTRY--TOPICAL TERM (OCLC, RLIN)
Topical term or geographic name as entry element ENVIRONMENTAL AND LAND CONSULTANCY-ENERGY
856 40 - ELECTRONIC LOCATION AND ACCESS
Uniform Resource Identifier <a href="https://centralcontent.fco.gov.uk/central-content/campaigns/act-on-copenhagen/resources/en/pdf/DECC-Low-Carbon-Transition-Plan">https://centralcontent.fco.gov.uk/central-content/campaigns/act-on-copenhagen/resources/en/pdf/DECC-Low-Carbon-Transition-Plan</a>
Public note View the item free of charge (PDF file) at http://centralcontent.fco.gov.uk
942 ## - ADDED ENTRY ELEMENTS (KOHA)
Suppress in OPAC 0
Holdings
Withdrawn status Lost status Source of classification or shelving scheme Damaged status Not for loan Home library Current library Shelving location Date acquired Total Checkouts Full call number Barcode Date last seen Copy number Price effective from Koha item type
    Dewey Decimal Classification     Virtual Virtual Online 28/02/2011   ONLINE PUBLICATION 152371-2001 06/08/2019 1 06/08/2019 Book